000 00621nam a2200193 a 4500
001 000034669
005 20200930073829.0
008 111014s2005 cu 000 0 spa d
020 _a9592589585
040 _aDO-SdBNP
_bspa
_cBNPHU
082 _axxxx
_bE79
245 0 0 _aEstética :
_benfoques actuales /
_cMayra Sánchez Medina coord. ; Sonia Arias Curbelo ...[et al.].
260 _aLa habana :
_bEditorial Félix Varela,
_c2005.
300 _a299 p. ;
_c24 cm.
700 1 _aSánchez Medina, Mayra,
_ecoord.
_960102
700 1 _aArias Curbelo, Sonia
_960103
710 2 _aColectivo de autores
_960104
049 _aBNPD
999 _c34160
_d34160